| 000 | 00609nam a2200181Ia 4500 | ||
|---|---|---|---|
| 008 | 090630s9999 xx 000 0 und d | ||
| 082 | _b27807 | ||
| 100 | _aनरवणे सुधा. | ||
| 245 |
_aउभा जन्म वैराण. _cनरवणे सुधा. |
||
| 260 |
_bनिशिगंधा - पुणे. _c2007 |
||
| 300 | _a192 | ||
| 600 | _aनरवणे सुधा. | ||
| 630 | _aउभा जन्म वैराण. | ||
| 655 | _aलघुकथा. | ||
| 700 | _aनरवणे सुधा. | ||
| 730 | _aउभा जन्म वैराण. | ||
| 942 | _cBOOK | ||
| 999 |
_c279663 _d279663 |
||